000 00484nam a22001937a 4500
003 OSt
005 20160510144945.0
008 160510b xxu||||| |||| 00| 0 eng d
020 _a0521566967
040 _cDDC.
082 _a591.5SMY 1994.
100 _aSymth,J.D.
_98652
245 _aAnimal Parasitology.
260 _aUk.
_bCambridge University Press.
_c1994.
300 _axx,549p;
_bill;
_c26cm.
504 _aincludes index.
650 _aBiology.
_95602
942 _2ddc
_cSLOAN
999 _c3949
_d3949